Lode odchádzajú na úsvite

Bibliographic Details
Main Author: -až- (Author)
Format: Article
Language:Slovak
Subjects:

MARC

LEADER 00000nab a2200000 a 4500
001 vtls000010445
003 SK-MaSNL
005 20260303021644.0
008 150430c1978 xo 0 slo
015 |a SNBRB19rr/mm-uuuuu 
035 |a CL0020539 
040 |a SNKBUCL  |b slo  |c SNKBUCL  |e AACR2 
041 0 |a slo 
044 |a xo  |c SK 
080 |a 82.09:882-3(048)  |2 1981 
080 |a 882-3(048)  |2 1981 
100 1 |a -až-  |4 aut  |9 921827 
245 1 0 |a Lode odchádzajú na úsvite  |c [autor] -až- 
650 0 7 |a ruské novely  |2 snkbucl  |9 830777 
655 7 |a recenzie  |2 snkbucl  |9 21907 
655 7 |a články z odboru literárna veda a krásna literatúra  |2 snkbucl  |9 770045 
655 7 |a články z novín a časopisov  |2 snkbucl  |9 267496 
773 0 |t Nové knihy  |g Č. 41 (1978), s. /1/ 
787 0 8 |i Rec.:  |a Nosov, Jevgenij Ivanovič  |t Lode odchádzajú na úsvite  |d Bratislava : Obzor 
850 |a Slovenská národná knižnica v Martine  |a MTA001 
852 |a SNK  |b KIS3GCP 
958 |a RK 
958 |a LX 
958 |a SK 
992 |a RBX 
999 |c 1624485  |d 1626415